| 000 | 01087nac a22002531u 4500 | ||
|---|---|---|---|
| 010 | _a 2004274831 | ||
| 020 | _a0130138282 (hb) | ||
| 035 | _a(CStRLIN)RIBGB35388158-B | ||
| 035 | _a(OCoLC)56069547 | ||
| 035 | _a(RPB)b35388158 | ||
| 082 |
_a004.6 _bT6557 |
||
| 090 |
_c388 _d388 |
||
| 100 | _aTomasi, Wayne. | ||
| 245 | 1 | 0 |
_aIntroduction to data communications and networking / _cWayne Tomasi. |
| 260 |
_aUpper Saddle River, N.J. : _bPearson/Prentice Hall, _cc2005. |
||
| 300 |
_axvii, 967 p. : _bill. (some col.) ; _c27 cm. |
||
| 500 | _aIncludes index. | ||
| 650 | 0 | _aData transmission systems. | |
| 650 | 0 | _aComputer networks. | |
| 942 |
_cBB _k004.6T6557 |
||
| 999 |
_c388 _d388 |
||